[Event "Oberliga Bayern 2122"]
[Site "Bayern"]
[Date "2022.05.08"]
[Round "8.1"]
[White "Milov, Leonid"]
[Black "Bauer, Sebastian"]
[Result "1/2-1/2"]
[WhiteElo "2395"]
[BlackElo "2270"]
[PlyCount "88"]
[EventDate "2021.10.24"]
[EventType "team-tourn"]
[EventRounds "9"]
[EventCountry "GER"]
[SourceTitle "EXT 2024"]
[Source "ChessBase"]
[SourceDate "2023.10.10"]
[SourceVersion "1"]
[SourceVersionDate "2023.10.10"]
[SourceQuality "1"]
[WhiteTeam "Nuernberg NT"]
[BlackTeam "Trostberg"]
[WhiteTeamCountry "GER"]
[BlackTeamCountry "GER"]

1. e4 e5 2. Nf3 Nc6 3. Bb5 a6 4. Ba4 Nf6 5. 0-0 Be7 6. Re1 b5 7. Bb3 0-0 8. d4 Nxd4 9. Nxd4 exd4 10. e5 Ne8 11. c3 d6 12. cxd4 dxe5 13. Qf3 Rb8 14. dxe5 Be6 15. Nc3 c5 16. Be3 Nc7 17. Rad1 Qc8 18. Qg3 Bxb3 19. Bh6 Ne6 20. axb3 Rd8 21. Nd5 Bf8 22. Be3 Qb7 23. Nf4 Qc6 24. h3 Rd7 25. Nxe6 fxe6 26. Bg5 Rbb7 27. Kh2 Rxd1 28. Rxd1 Rd7 29. Ra1 Rd5 30. Bf4 Rd4 31. Qe3 Be7 32. Bg3 Bd8 33. Qc3 a5 34. Rc1 Rd5 35. Qf3 Qd7 36. Qe4 Bc7 37. Rc3 Qe8 38. Rc2 Qh5 39. Qe3 Bxe5 40. f4 Bf6 41. Qxe6+ Qf7 42. Qc6 Qd7 43. Qxd7 Rxd7 44. Rxc5 b4 1/2-1/2

[Event "Oberliga Bayern 2122"]
[Site "Bayern"]
[Date "2022.04.03"]
[Round "7.1"]
[White "Kukel, Imre"]
[Black "Milov, Leonid"]
[Result "1/2-1/2"]
[WhiteElo "2286"]
[BlackElo "2395"]
[PlyCount "120"]
[EventDate "2021.10.24"]
[EventType "team-tourn"]
[EventRounds "9"]
[EventCountry "GER"]
[SourceTitle "EXT 2024"]
[Source "ChessBase"]
[SourceDate "2023.10.10"]
[SourceVersion "1"]
[SourceVersionDate "2023.10.10"]
[SourceQuality "1"]
[WhiteTeam "Bindlach Aktionaer"]
[BlackTeam "Nuernberg NT"]
[WhiteTeamCountry "GER"]
[BlackTeamCountry "GER"]

1. e4 c5 2. Nf3 e6 3. d4 cxd4 4. Nxd4 Nc6 5. Nc3 Qc7 6. Be3 a6 7. Be2 b5 8. Nxc6 Qxc6 9. Qd4 Bb7 10. f3 b4 11. Nb1 Nf6 12. c3 a5 13. a3 Ba6 14. axb4 Bxe2 15. Kxe2 axb4 16. Qb6 Rxa1 17. Qb8+ Ke7 18. Na3 Rxa3 19. bxa3 d6 20. cxb4 Nd7 21. Qa7 Qc2+ 22. Bd2 Qc4+ 23. Kf2 e5 24. Rc1 Qd4+ 25. Qxd4 exd4 26. b5 g6 27. Rc7 Bg7 28. b6 Rb8 29. b7 Ke6 30. Bg5 h6 31. Bh4 g5 32. Bg3 Nc5 33. Rxc5 Rxb7 34. Rd5 Rb2+ 35. Kf1 Be5 36. a4 Ra2 37. a5 f5 38. Bxe5 fxe4 39. fxe4 dxe5 40. h3 Ra3 41. Rb5 Kd6 42. Rd5+ Ke6 43. Rb5 h5 44. Rb6+ Kd7 45. a6 g4 46. hxg4 hxg4 47. Rg6 Kc7 48. Re6 Ra5 49. g3 Kd7 50. Rg6 Kc7 51. Re6 Kd7 52. Rg6 Ra3 53. a7 Kc7 54. Rxg4 Kb7 55. Rg7+ Ka8 56. Re7 Rxg3 57. Rxe5 Re3 58. Re7 d3 59. Rd7 Rxe4 60. Rxd3 Kxa7 1/2-1/2

[Event "Heusenstamm Sparkassen op-A 7th"]
[Site "Heusenstamm"]
[Date "2021.11.18"]
[Round "1.4"]
[White "Diez, Gerhard"]
[Black "Milov, Leonid"]
[Result "0-1"]
[WhiteElo "1986"]
[BlackElo "2450"]
[PlyCount "92"]
[EventDate "2021.11.18"]
[EventType "swiss"]
[EventRounds "7"]
[EventCountry "GER"]
[SourceTitle "EXT 2023"]
[Source "ChessBase"]
[SourceDate "2022.10.05"]
[SourceVersion "1"]
[SourceVersionDate "2022.10.05"]
[SourceQuality "1"]

1. e4 c5 2. Nf3 e6 3. d4 cxd4 4. Nxd4 Nc6 5. Nc3 Qc7 6. f4 a6 7. Nxc6 Qxc6 8. Bd3 b5 9. Qe2 Bb7 10. Bd2 Rc8 11. a4 b4 12. Nd5 Nf6 13. c4 a5 14. b3 Bc5 15. 0-0-0 Bd4 16. Nxf6+ gxf6 17. Be3 Qc5 18. Rhe1 Bxe3+ 19. Qxe3 h5 20. Bf1 Qxe3+ 21. Rxe3 Rc5 22. h4 Ke7 23. g3 d6 24. Rd2 f5 25. exf5 Rxf5 26. Kd1 Rc5 27. Red3 Rd8 28. Be2 Be4 29. Re3 Bc6 30. Ke1 Rh8 31. Kf2 Rh6 32. Bf3 Bxf3 33. Kxf3 Rh8 34. Rd4 Rd8 35. Rd5 Rxd5 36. cxd5 Kf6 37. Rd3 e5 38. g4 hxg4+ 39. Kxg4 e4 40. Rd1 Rg8+ 41. Kh3 Kf5 42. h5 Kxf4 43. Rf1+ Ke3 44. Rxf7 Kd2 45. h6 e3 46. Rg7 Rh8 0-1

[Event "BL2-Ost 1920"]
[Site "Germany"]
[Date "2021.08.08"]
[Round "10.1"]
[White "Stocek, Jiri"]
[Black "Milov, Leonid"]
[Result "1/2-1/2"]
[WhiteElo "2569"]
[BlackElo "2463"]
[PlyCount "173"]
[EventDate "2019.10.19"]
[EventType "team-tourn"]
[EventRounds "11"]
[EventCountry "GER"]
[SourceTitle "EXT 2023"]
[Source "ChessBase"]
[SourceDate "2022.10.05"]
[SourceVersion "1"]
[SourceVersionDate "2022.10.05"]
[SourceQuality "1"]
[WhiteTeam "Garching"]
[BlackTeam "Nuernberg NT"]
[WhiteTeamCountry "GER"]
[BlackTeamCountry "GER"]

1. c4 c6 2. Nf3 d5 3. d4 Nf6 4. Qb3 dxc4 5. Qxc4 Bg4 6. Nc3 Nbd7 7. Bd2 Bf5 8. e3 e6 9. Rc1 h6 10. Be2 Bd6 11. 0-0 0-0 12. Rfd1 Qe7 13. Qb3 Rab8 14. Be1 e5 15. dxe5 Nxe5 16. g3 Nxf3+ 17. Bxf3 Rfd8 18. Qa4 a6 19. Ne2 Be4 20. Bxe4 Nxe4 21. Kg2 Bc7 22. Qc4 Nf6 23. Bb4 Qe5 24. Bc3 Qe4+ 25. Qxe4 Nxe4 26. Bd4 Rd7 27. f3 Ng5 28. Bc3 Rbd8 29. Rxd7 Rxd7 30. Nd4 Ne6 31. Nxe6 fxe6 32. Kf2 Kf7 33. Ke2 Bd8 34. Be1 Bf6 35. b3 h5 36. Rc4 Rd5 37. Bf2 Rd7 38. e4 Be7 39. f4 Rd8 40. Bb6 Rd7 41. a4 Bf6 42. Be3 Be7 43. h3 Rd8 44. Bb6 Rd7 45. g4 hxg4 46. hxg4 Bf6 47. g5 Be7 48. Be3 Rd8 49. Rc1 Rh8 50. Rd1 Rh2+ 51. Kf3 Rh3+ 52. Kf2 Rh2+ 53. Kg3 Rb2 54. Rd3 g6 55. Bd4 Rb1 56. Be5 Ke8 57. Bf6 Rg1+ 58. Kf2 Rh1 59. Kg2 Re1 60. e5 Re2+ 61. Kf3 Rh2 62. Kg3 Rb2 63. Bxe7 Kxe7 64. Kf3 b5 65. axb5 axb5 66. Ke4 c5 67. Rh3 Re2+ 68. Kd3 Rf2 69. Rh7+ Kf8 70. Ke4 Rd2 71. Rc7 Rd4+ 72. Ke3 Rb4 73. Rxc5 Rxb3+ 74. Kd4 Rb4+ 75. Ke3 Rb3+ 76. Ke4 Rb4+ 77. Ke3 Rb3+ 78. Kd2 Rb4 79. Rc8+ Kf7 80. Rc7+ Kf8 81. Ke3 Rb3+ 82. Kd4 Rb4+ 83. Ke3 Rb3+ 84. Ke4 Rb4+ 85. Kf3 Rb3+ 86. Ke4 Rb4+ 87. Ke3 1/2-1/2

[Event "BL2-Ost 1920"]
[Site "Germany"]
[Date "2021.08.07"]
[Round "9.2"]
[White "Indjic, Aleksandar"]
[Black "Milov, Leonid"]
[Result "1-0"]
[WhiteElo "2638"]
[BlackElo "2463"]
[PlyCount "93"]
[EventDate "2019.10.19"]
[EventType "team-tourn"]
[EventRounds "11"]
[EventCountry "GER"]
[SourceTitle "EXT 2023"]
[Source "ChessBase"]
[SourceDate "2022.10.05"]
[SourceVersion "1"]
[SourceVersionDate "2022.10.05"]
[SourceQuality "1"]
[WhiteTeam "Muenchen SC"]
[BlackTeam "Nuernberg NT"]
[WhiteTeamCountry "GER"]
[BlackTeamCountry "GER"]

1. d4 d5 2. Nf3 Nf6 3. c4 dxc4 4. e3 e6 5. Bxc4 c5 6. 0-0 Nc6 7. Qe2 a6 8. a4 Qc7 9. Nc3 Bd6 10. Rd1 0-0 11. d5 exd5 12. Nxd5 Nxd5 13. Bxd5 h6 14. Bd2 Bf5 15. Bc3 Rad8 16. h3 Ne7 17. Bb3 Ng6 18. Rd2 Qe7 19. Rad1 Bc7 20. a5 Rxd2 21. Rxd2 Be4 22. Qc4 Bf5 23. Qa4 Rd8 24. Bd5 Bd6 25. Qb3 Rd7 26. Qd1 Rd8 27. Bxb7 Qxb7 28. Rxd6 Rxd6 29. Qxd6 Bxh3 30. Ne1 Bd7 31. Qxc5 Bb5 32. f3 Nf8 33. Nc2 Ne6 34. Qf5 Qd7 35. Nb4 Qd1+ 36. Kh2 Qd6+ 37. f4 Qd8 38. Kg3 Qd1 39. Qe5 h5 40. f5 Qg4+ 41. Kf2 Nf8 42. Nd5 f6 43. Qf4 Qe2+ 44. Kg3 Nd7 45. Qf3 Nc5 46. Nf4 Qc2 47. Qd5+ 1-0

[Event "BL2-Ost 1920"]
[Site "Germany"]
[Date "2020.02.08"]
[Round "7.2"]
[White "Milov, Leonid"]
[Black "Kindermann, Stefan"]
[Result "1/2-1/2"]
[WhiteElo "2463"]
[BlackElo "2475"]
[PlyCount "34"]
[EventDate "2019.10.19"]
[EventType "team-tourn"]
[EventRounds "11"]
[EventCountry "GER"]
[SourceTitle "CBM 194 Extra"]
[Source "ChessBase"]
[SourceDate "2020.03.31"]
[SourceVersion "1"]
[SourceVersionDate "2020.03.31"]
[SourceQuality "1"]
[WhiteTeam "Nuernberg NT"]
[BlackTeam "Zugzwang MSA"]
[WhiteTeamCountry "GER"]
[BlackTeamCountry "GER"]

1. d4 e6 2. g3 f5 3. Bg2 Nf6 4. Nf3 d5 5. c4 Bd6 6. 0-0 0-0 7. Nc3 c6 8. Rb1 Qe7 9. Qc2 Nbd7 10. a3 a5 11. Bf4 Bxf4 12. gxf4 dxc4 13. e3 b5 14. Nd2 Nd5 15. a4 Ba6 16. axb5 Bxb5 17. Ra1 N7b6 1/2-1/2